| 000 | 00506nam a2200193Ia 4500 | ||
|---|---|---|---|
| 005 | 20250423101245.0 | ||
| 008 | 250422s9999 xx 000 0 und d | ||
| 020 | _a9781555631390 | ||
| 050 | _aTJ 935 .G68/ | ||
| 100 | _aGovier, George W. | ||
| 245 | 4 | _aThe flow of complex mixtures in pipes | |
| 250 | _a2nd ed. | ||
| 260 | _aUnited state | ||
| 260 | _bSociety of petroleum engineers | ||
| 260 | _c2008 | ||
| 300 | _a792 p | ||
| 650 | _a Pipe--Fluid dynamics. Multiphase flow. | ||
| 942 | _cBK | ||
| 999 |
_c35765 _d35765 |
||